000 00431nam a2200181Ia 4500
003 OSt
005 20230608111338.0
008 210423s2003 xx 000 0 und d
040 _cAL
041 _aeng
082 _a302.2 AHUC
_223
100 _aAHUJA (B N);CHHABRA (S S).
_9122410
245 _aCommunication.
260 _bSurjeeth Publications
_c2003
365 _b185
_cINR
906 _aCommunication.
942 _2ddc
_cBK
999 _c173952
_d173952